| Tag |
First Indicator |
Second Indicator |
Subfields |
| LEADER |
00000cem a2200000Ii 4500 |
| 001 |
in00002730721 |
| 005 |
20190903103820.0 |
| 007 |
ad canzn |
| 008 |
111109s1983 fr e 1 fre d |
| 035 |
|
|
|a (OCoLC)on1115132945
|
| 040 |
|
|
|a TXA
|b eng
|e rda
|c TXA
|
| 034 |
0 |
|
|a a
|
| 035 |
|
|
|a (OCoLC)1115132945
|
| 043 |
|
|
|a e-fr---
|
| 050 |
|
4 |
|a G1844.24.P3
|b E29 1983
|
| 052 |
|
|
|a 5834
|b P3
|
| 049 |
|
|
|a TXAM
|
| 110 |
2 |
|
|a Éditions de l'Indispensable,
|e issuing body.
|
| 245 |
1 |
0 |
|a Paris par arrondissement :
|b sens uniques : renseignements, plan Métro, RER, répertoire rues, grand plan, Paris banlieue.
|
| 246 |
1 |
|
|i On page [1]:
|a Indicateurs des rues de Paris
|
| 255 |
|
|
|a Scales vary.
|
| 264 |
|
1 |
|a Paris :
|b Éditions de l'Indispensable,
|c 1983.
|
| 300 |
|
|
|a 1 atlas (4 unnumbered pages, 200 pages, 136 unnumbered pages) :
|b color maps, plans ;
|c 18 cm
|
| 336 |
|
|
|a cartographic image
|b cri
|2 rdacontent
|
| 337 |
|
|
|a unmediated
|b n
|2 rdamedia
|
| 338 |
|
|
|a volume
|b nc
|2 rdacarrier
|
| 546 |
|
|
|a In French.
|
| 500 |
|
|
|a Cover title.
|
| 500 |
|
|
|a Imprint from dépot légal, page [1].
|
| 500 |
|
|
|a "Modèle Police R18."
|
| 500 |
|
|
|a Includes indexes.
|
| 501 |
|
|
|a The Cushing Library/Dawson French Collection copy is housed with an accompanying folded map: Plan de Paris avec indication du métropolitain (recto); Plan de la banlieue de Paris (verso).
|5 TXA
|
| 651 |
|
0 |
|a Paris (France)
|v Maps.
|
| 651 |
|
0 |
|a Paris Metropolitan Area (France)
|v Maps.
|
| 650 |
|
0 |
|a Streets
|z France
|z Paris
|v Maps.
|
| 650 |
|
0 |
|a Local transit
|z France
|z Paris
|v Maps.
|
| 650 |
|
0 |
|a Street addresses
|z France
|z Paris
|v Maps.
|
| 651 |
|
0 |
|a Paris (France)
|x Administrative and political divisions
|v Maps.
|
| 655 |
|
7 |
|a Atlases.
|2 lcgft
|
| 948 |
|
|
|a cataloged
|b h
|c 2019/9/2
|d o
|e fpiscitelli
|f 5:51:13 pm
|
| 994 |
|
|
|a C0
|b TXA
|
| 999 |
f |
f |
|s 8bb64ab0-7fc9-324e-aebb-c823639a5b6e
|i 0bf9e636-2fe9-33b0-80d3-24a1479f9610
|t 0
|
| 952 |
f |
f |
|p noncirc
|a Texas A&M University
|b College Station
|c Cushing Memorial Library & Archives
|d Cushing: Dawson French (Does not check out)
|t 0
|e G1844.24.P3 E29 1983
|h Library of Congress classification
|i unmediated -- sheet
|
| 998 |
f |
f |
|a G1844.24.P3 E29 1983
|t 0
|l Cushing: Dawson French (Does not check out)
|